00641nam a2200193Ia 4500008004100000020001500041082001600056100001900072245003900091250000800130260003700138300002900175500001900204600002100223650005000244942000700294952012900301999001700430240925s9999 xx 000 0 und d a8176356085 a005.133 LAF aLafore, Robert 0aObject-Oriented Programming in C++ a4th aNew Delhi:bSAMS Techmadc,2004. axxi,318p.bNAfPhotocopy aIncludes Index aComputer Science aComputer science, information & general works cBK 001040708SEaUITUbUITUd2011-02-23eFair Book Centerg395.00l0o005.133 LAFpQ8580r2024-09-25 07:15:00w2024-09-25yBK c11079d11079